[Event "Titled Tuesday intern op 12th May"]
[Site "Chess.com INT"]
[Date "2020.05.12"]
[Round "5"]
[White "Livaja, Mario"]
[Black "Shuvalova, Polina"]
[Result "0-1"]
[WhiteElo "2298"]
[BlackElo "2454"]
[PlyCount "100"]
[EventDate "2020.05.12"]
[EventType "swiss (blitz)"]
[EventRounds "10"]
[EventCountry "USA"]
[SourceTitle "EXT 2021"]
[Source "ChessBase"]
[SourceDate "2020.10.23"]
[SourceVersion "1"]
[SourceVersionDate "2020.10.23"]
[SourceQuality "1"]

1. d4 Nf6 2. Bg5 e6 3. Nf3 d5 4. c4 Bb4+ 5. Nc3 dxc4 6. Qa4+ Nc6 7. e3 a6 8. Bxc4 Bd7 9. Qc2 h6 10. Bh4 0-0 11. Rd1 b5 12. Bd3 Qe7 13. 0-0 g5 14. Nxg5 hxg5 15. Bxg5 Bxc3 16. bxc3 e5 17. d5 Na5 18. Bf5 Kg7 19. f4 e4 20. Bxd7 Qxd7 21. Bxf6+ Kxf6 22. Qxe4 Qd6 23. Qd4+ Ke7 24. e4 Qb6 25. e5 Qxd4+ 26. Rxd4 Nc4 27. Re1 Rg8 28. Kf2 Rad8 29. Kf3 Nb6 30. Red1 f5 31. d6+ cxd6 32. Rxd6 Nc4 33. R6d4 Rxd4 34. Rxd4 Rc8 35. h3 Nb2 36. Rd6 Rxc3+ 37. Kf2 Nd3+ 38. Ke3 Nb4+ 39. Kf2 Ra3 40. Rf6 Rxa2+ 41. Kg3 Ra3+ 42. Kh4 Nd5 43. g3 Nxf6 44. exf6+ Kxf6 45. g4 fxg4 46. hxg4 Rf3 47. f5 Rf4 48. Kh5 b4 49. Kh6 Rxg4 50. Kh5 Kxf5 0-1

[Event "Titled Tuesday intern op 12th May"]
[Site "Chess.com INT"]
[Date "2020.05.12"]
[Round "8"]
[White "Livaja, Mario"]
[Black "Sorensen, Hampus"]
[Result "1-0"]
[WhiteElo "2298"]
[BlackElo "2361"]
[PlyCount "119"]
[EventDate "2020.05.12"]
[EventType "swiss (blitz)"]
[EventRounds "10"]
[EventCountry "USA"]
[SourceTitle "EXT 2021"]
[Source "ChessBase"]
[SourceDate "2020.10.23"]
[SourceVersion "1"]
[SourceVersionDate "2020.10.23"]
[SourceQuality "1"]

1. d4 d5 2. c4 c6 3. Nc3 Nf6 4. Nf3 e6 5. Bg5 h6 6. Bh4 g5 7. Bg3 dxc4 8. e3 b5 9. Ne5 Bb7 10. Be2 Nbd7 11. 0-0 Be7 12. Bf3 Nxe5 13. Bxe5 a6 14. Rc1 Rg8 15. h3 Nd5 16. Ne4 Nb4 17. Bh5 Nd3 18. Qf3 Nxe5 19. dxe5 Rf8 20. Rcd1 Qc7 21. Nd6+ Bxd6 22. exd6 Qd7 23. Qf6 c5 24. Qxh6 0-0-0 25. Qxg5 Rg8 26. Qxc5+ Kb8 27. f3 f5 28. Qc7+ Qxc7 29. dxc7+ Kxc7 30. Bf7 Rxd1 31. Rxd1 Rg7 32. Bxe6 Bxf3 33. Rd2 Be4 34. g4 Rg6 35. Bf7 Rg7 36. Bh5 Bf3 37. Rd4 Kb6 38. Kf2 fxg4 39. Bxg4 Bc6 40. Rd6 Kc5 41. Rf6 b4 42. Bf3 Bxf3 43. Kxf3 c3 44. bxc3 bxc3 45. Ke2 Rd7 46. Rf1 Rd2+ 47. Kf3 Kc4 48. e4 c2 49. Rc1 Kd3 50. e5 Rd1 51. Rxc2 Kxc2 52. Ke4 Kc3 53. e6 Kc4 54. Ke5 Re1+ 55. Kd6 Kd4 56. e7 a5 57. Kd7 a4 58. h4 a3 59. h5 Kc3 60. e8Q 1-0

[Event "Titled Tuesday intern op 5th May"]
[Site "Chess.com INT"]
[Date "2020.05.05"]
[Round "5"]
[White "Livaja, Mario"]
[Black "Larina, Marija"]
[Result "1-0"]
[WhiteElo "2298"]
[BlackElo "1948"]
[PlyCount "87"]
[EventDate "2020.05.05"]
[EventType "swiss (blitz)"]
[EventRounds "10"]
[EventCountry "USA"]
[SourceTitle "EXT 2021"]
[Source "ChessBase"]
[SourceDate "2020.10.23"]
[SourceVersion "1"]
[SourceVersionDate "2020.10.23"]
[SourceQuality "1"]

1. d4 f5 2. g3 Nf6 3. Bg2 g6 4. Nh3 Bg7 5. 0-0 0-0 6. c4 d6 7. Nc3 e5 8. dxe5 dxe5 9. Qb3 c6 10. Rd1 Qe7 11. Be3 Na6 12. Rd2 Ng4 13. Bg5 Qf7 14. Rad1 Be6 15. Qa3 h6 16. Bd8 Bxc4 17. Rd7 Qe6 18. b3 Bd5 19. Bxd5 cxd5 20. R1xd5 Nf6 21. R5d6 Raxd8 22. Rxg7+ Kxg7 23. Rxe6 Rc8 24. Re7+ Kg8 25. Nb5 Rfd8 26. Rxb7 Nc5 27. Rc7 Rd1+ 28. Kg2 Rxc7 29. Nxc7 Nfd7 30. Qxa7 e4 31. Nf4 g5 32. Nfe6 Nxe6 33. Nxe6 Kf7 34. Nd8+ Ke8 35. Nc6 f4 36. Ne5 Nxe5 37. Qb8+ Kf7 38. Qxe5 fxg3 39. hxg3 Rd2 40. Qxe4 Rxa2 41. Qh7+ Kf6 42. Qxh6+ Kf5 43. e3 Kg4 44. Qh3# 1-0

[Event "Titled Tuesday intern op 5th May"]
[Site "Chess.com INT"]
[Date "2020.05.05"]
[Round "10"]
[White "Miroshnik, Ekaterina"]
[Black "Livaja, Mario"]
[Result "1-0"]
[WhiteElo "2139"]
[BlackElo "2298"]
[PlyCount "63"]
[EventDate "2020.05.05"]
[EventType "swiss (blitz)"]
[EventRounds "10"]
[EventCountry "USA"]
[SourceTitle "CBM 196 Extra"]
[Source "ChessBase"]
[SourceDate "2020.07.31"]
[SourceVersion "1"]
[SourceVersionDate "2020.07.31"]
[SourceQuality "1"]

1. d3 Nf6 2. Nd2 d5 3. Ngf3 g6 4. e4 dxe4 5. dxe4 Bg7 6. Be2 0-0 7. 0-0 c6 8. c3 Qc7 9. Qc2 Nbd7 10. Re1 e5 11. Nf1 h6 12. Be3 Nh5 13. Ng3 Nf4 14. Bf1 h5 15. Bxf4 exf4 16. Ne2 Ne5 17. Nxe5 Bxe5 18. f3 Be6 19. b3 Rad8 20. Rad1 b5 21. Kh1 h4 22. Nd4 Bc8 23. h3 a5 24. Qf2 g5 25. Nf5 Bxc3 26. Rxd8 Rxd8 27. Rc1 Bxf5 28. Rxc3 Be6 29. Rc5 f6 30. Bxb5 Rd1+ 31. Kh2 Qb6 32. Rxg5+ 1-0

[Event "Titled Tuesday intern op 7th April"]
[Site "Chess.com INT"]
[Date "2020.04.07"]
[Round "2"]
[White "Livaja, Mario"]
[Black "Manafov, Vugar Gulam"]
[Result "0-1"]
[WhiteElo "2298"]
[BlackElo "2236"]
[PlyCount "108"]
[EventDate "2020.04.07"]
[EventType "swiss (blitz)"]
[EventRounds "10"]
[EventCountry "USA"]
[SourceTitle "EXT 2021"]
[Source "ChessBase"]
[SourceDate "2020.10.23"]
[SourceVersion "1"]
[SourceVersionDate "2020.10.23"]
[SourceQuality "1"]

1. d4 Nf6 2. Bg5 d5 3. Nf3 Ne4 4. Bf4 c5 5. c3 Qb6 6. Qb3 c4 7. Qc2 Bf5 8. Qc1 Nc6 9. e3 e6 10. Nbd2 h6 11. h3 Be7 12. Be2 0-0 13. 0-0 Qd8 14. b3 b5 15. b4 a5 16. a3 Qb6 17. Nxe4 Bxe4 18. Nd2 Bg6 19. Bf3 Bd3 20. Re1 f5 21. Be2 Bxe2 22. Rxe2 Ra6 23. Nf3 Rfa8 24. Rb1 axb4 25. axb4 Ra2 26. Rxa2 Rxa2 27. Rb2 Ra3 28. Rc2 Qa6 29. Kh2 Bxb4 30. cxb4 Nxb4 31. Re2 Nd3 32. Qd2 b4 33. Ne5 Nxe5 34. dxe5 c3 35. Qd1 b3 36. e4 fxe4 37. Re3 b2 38. Rg3 Qb7 39. Qg4 b1Q 40. Qxe6+ Qf7 41. Qc8+ Kh7 42. Be3 Ra1 43. Rg4 Qh1+ 44. Kg3 Rg1 45. Kh4 Rxg2 46. Rxg2 Qxg2 47. Qg4 g5+ 48. Bxg5 hxg5+ 49. Kxg5 Qxg4+ 50. Kxg4 c2 51. e6 Qxe6+ 52. Kf4 c1Q+ 53. Kg3 Qg1+ 54. Kh4 Qh6# 0-1

[Event "Titled Tuesday intern op 7th April"]
[Site "Chess.com INT"]
[Date "2020.04.07"]
[Round "7"]
[White "Livaja, Mario"]
[Black "Rakotomaharo, Fy Antenaina"]
[Result "1-0"]
[WhiteElo "2298"]
[BlackElo "2422"]
[PlyCount "65"]
[EventDate "2020.04.07"]
[EventType "swiss (blitz)"]
[EventRounds "10"]
[EventCountry "USA"]
[SourceTitle "EXT 2021"]
[Source "ChessBase"]
[SourceDate "2020.10.23"]
[SourceVersion "1"]
[SourceVersionDate "2020.10.23"]
[SourceQuality "1"]

1. d4 Nf6 2. Bg5 d5 3. Bxf6 gxf6 4. e3 c5 5. Nf3 Nc6 6. c3 e6 7. Nbd2 f5 8. g3 Be7 9. Bg2 Qb6 10. Qb3 Qa6 11. Bf1 c4 12. Qc2 b5 13. Be2 h5 14. h4 Qb6 15. b3 Bd7 16. a4 cxb3 17. Qxb3 Na5 18. Qa2 bxa4 19. Ne5 a3 20. 0-0 Ba4 21. Rfb1 Qc7 22. c4 dxc4 23. Ndxc4 Nxc4 24. Bxc4 Bd6 25. Bxe6 Bxe5 26. dxe5 0-0 27. Bd5 Rab8 28. e6 fxe6 29. Bxe6+ Kg7 30. Qxa3 Rxb1+ 31. Rxb1 Bc6 32. Rc1 Qb6 33. Qe7+ 1-0

[Event "Titled Tuesday intern op1 4th Febr"]
[Site "Chess.com INT"]
[Date "2020.02.04"]
[Round "1"]
[White "Livaja, Mario"]
[Black "Remizov, Yaroslav"]
[Result "0-1"]
[WhiteElo "2298"]
[BlackElo "2408"]
[PlyCount "58"]
[EventDate "2020.02.04"]
[EventType "swiss (blitz)"]
[EventRounds "10"]
[EventCountry "USA"]
[SourceTitle "EXT 2021"]
[Source "ChessBase"]
[SourceDate "2020.10.23"]
[SourceVersion "1"]
[SourceVersionDate "2020.10.23"]
[SourceQuality "1"]

1. d4 d5 2. c4 e6 3. Nc3 c6 4. Qd3 f5 5. Nf3 Nf6 6. g3 Bd6 7. Bg2 0-0 8. 0-0 Nbd7 9. Rd1 Ne4 10. b3 Ndf6 11. Bb2 Ng4 12. Rf1 Bd7 13. Nd1 Be8 14. Ne5 Nxe5 15. dxe5 Bc5 16. e3 Bg6 17. Nc3 Qe7 18. Rad1 Rad8 19. Rfe1 f4 20. Nxe4 dxe4 21. Qc2 fxe3 22. fxe3 Qg5 23. Bd4 Bxd4 24. exd4 e3 25. Be4 Rf2 26. Qd3 Bxe4 27. Qxe4 Rdf8 28. Rxe3 Qh5 29. Qh4 Qxd1+ 0-1

[Event "Titled Tuesday intern op1 4th Febr"]
[Site "Chess.com INT"]
[Date "2020.02.04"]
[Round "2"]
[White "Necula, Iulian"]
[Black "Livaja, Mario"]
[Result "0-1"]
[WhiteElo "2244"]
[BlackElo "2298"]
[PlyCount "114"]
[EventDate "2020.02.04"]
[EventType "swiss (blitz)"]
[EventRounds "10"]
[EventCountry "USA"]
[SourceTitle "EXT 2021"]
[Source "ChessBase"]
[SourceDate "2020.10.23"]
[SourceVersion "1"]
[SourceVersionDate "2020.10.23"]
[SourceQuality "1"]

1. f4 e5 2. fxe5 d6 3. exd6 Qxd6 4. Nf3 g6 5. Nc3 Bg7 6. g3 Bg4 7. Bg2 Ne7 8. 0-0 c6 9. Ne4 Qc7 10. Nf2 Bf5 11. e4 Be6 12. d4 0-0 13. Bf4 Qb6 14. b3 Na6 15. c4 Rad8 16. d5 cxd5 17. exd5 Bf5 18. Rc1 Nb4 19. Qd2 a5 20. Be3 Qa6 21. a3 Nbxd5 22. cxd5 Rxd5 23. Qe1 Nc6 24. Nh4 Re5 25. Nxf5 Rxf5 26. Be4 Re5 27. Bf4 Re6 28. Qd2 Nd4 29. Bd3 Nf3+ 30. Kg2 Nxd2 31. Bxa6 Nxf1 32. Bxb7 Ne3+ 33. Bxe3 Rxe3 34. b4 Rxa3 35. bxa5 Rxa5 36. Bf3 Ra2 37. Rf1 Bd4 38. Bd5 Rb2 39. Kf3 Bxf2 40. Rxf2 Rxf2+ 41. Kxf2 Kg7 42. Bf3 f5 43. h4 Kf6 44. Kg2 h6 45. Kf2 g5 46. hxg5+ hxg5 47. Kg2 Ke5 48. Kf2 Rb8 49. Bh5 Rb3 50. Kg2 g4 51. Bf7 Rb2+ 52. Kf1 Ke4 53. Be6 Kf3 54. Ke1 Rb5 55. Bd7 Re5+ 56. Kd2 Kxg3 57. Kd3 Rd5+ 0-1

[Event "SRB-chT 2nd League East"]
[Site "Knic"]
[Date "2019.09.07"]
[Round "3.2"]
[White "Livaja, Mario"]
[Black "Lazov, Toni"]
[Result "0-1"]
[WhiteElo "2279"]
[BlackElo "2386"]
[PlyCount "58"]
[EventDate "2019.09.06"]
[EventType "team-tourn"]
[EventRounds "11"]
[EventCountry "SRB"]
[SourceTitle "EXT 2020"]
[Source "ChessBase"]
[SourceDate "2019.10.17"]
[SourceVersion "1"]
[SourceVersionDate "2019.10.17"]
[SourceQuality "1"]
[WhiteTeam "Nis Nais"]
[BlackTeam "Surdulica Radnik"]
[WhiteTeamCountry "SRB"]
[BlackTeamCountry "SRB"]

1. d4 d6 2. e4 Nf6 3. Nc3 Nbd7 4. f4 e5 5. Nf3 exd4 6. Qxd4 c6 7. Be3 d5 8. exd5 Bc5 9. Qd3 Qe7 10. Kd2 0-0 11. Re1 cxd5 12. Bd4 Qd6 13. Ne5 Qb6 14. Nxd7 Bxd7 15. Bxf6 Qxf6 16. g3 Rac8 17. Re5 Bb4 18. Qd4 Bc5 19. Qd3 Qb6 20. Bg2 d4 21. Ne4 Qxb2 22. Nxc5 Rxc5 23. Rxc5 Qb4+ 24. c3 Qxc5 25. Qxd4 Qa5 26. Rc1 Bb5 27. Ke1 Qxa2 28. c4 Qxg2 29. cxb5 Re8+ 0-1

[Event "Vrnjacka Banja Gligoric Cup 6th"]
[Site "Vrnjacka Banja"]
[Date "2019.05.25"]
[Round "3.2"]
[White "Livaja, Mario"]
[Black "Lajthajm, Borko"]
[Result "0-1"]
[WhiteElo "2278"]
[BlackElo "2426"]
[PlyCount "95"]
[EventDate "2019.05.23"]
[EventType "team-swiss"]
[EventRounds "5"]
[EventCountry "SRB"]
[SourceTitle "CBM 190 Extra"]
[Source "ChessBase"]
[SourceDate "2019.07.15"]
[SourceVersion "1"]
[SourceVersionDate "2019.07.15"]
[SourceQuality "1"]
[WhiteTeam "Nis Nais"]
[BlackTeam "Kac Jugovic"]
[WhiteTeamCountry "SRB"]
[BlackTeamCountry "SRB"]

1. d4 Nf6 2. c4 e6 3. Nf3 b6 4. g3 Bb4+ 5. Bd2 a5 6. Bg2 Bb7 7. 0-0 h6 8. Re1 d6 9. Nc3 0-0 10. b3 Ne4 11. Nxe4 Bxe4 12. a3 Bxd2 13. Qxd2 Nd7 14. Rac1 Ra7 15. Qc3 Qe7 16. Bf1 e5 17. Nd2 Bg6 18. e3 Re8 19. Bg2 e4 20. b4 Nf6 21. c5 axb4 22. axb4 d5 23. Ra1 Rb7 24. Nb3 Bf5 25. Bf1 Rd8 26. Ra2 Nh7 27. Rc1 Ng5 28. Be2 Nh3+ 29. Kg2 Be6 30. cxb6 cxb6 31. b5 Qf6 32. Qe1 Ng5 33. Nd2 Bh3+ 34. Kg1 Re7 35. Rc6 Re6 36. Rac2 Rdd6 37. Rc8+ Kh7 38. Rb8 Qf5 39. Qd1 Rf6 40. Qe1 Bg4 41. Bf1 Nh3+ 42. Bxh3 Bxh3 43. Rc7 Rd7 44. Rc6 Ra7 45. Rxf6 Qxf6 46. Qb1 Qd6 47. Re8 Qa3 48. Qe1 0-1

[Event "Serbia Central Cup"]
[Site "Kragujevac"]
[Date "2018.05.01"]
[Round "5"]
[White "Livaja, Mario"]
[Black "Petrovic, Milovan"]
[Result "1-0"]
[WhiteElo "2295"]
[BlackElo "2085"]
[PlyCount "65"]
[EventDate "2018.04.29"]
[EventType "swiss"]
[EventRounds "6"]
[EventCountry "SRB"]
[SourceTitle "CBM 184 Extra"]
[Source "ChessBase"]
[SourceDate "2018.06.28"]
[SourceVersion "1"]
[SourceVersionDate "2018.06.28"]
[SourceQuality "1"]

1. d4 Nf6 2. Nf3 d5 3. c4 c6 4. Nc3 e6 5. g3 Be7 6. Bg2 Nbd7 7. Qd3 0-0 8. 0-0 h6 9. Rd1 b6 10. e4 dxe4 11. Nxe4 Bb7 12. Nc3 Qc7 13. Bf4 Bd6 14. Bxd6 Qxd6 15. Qe2 Qc7 16. b4 Rfe8 17. Ne5 a5 18. a3 axb4 19. axb4 Nxe5 20. dxe5 Nh7 21. f4 Nf8 22. h4 Ng6 23. Kh2 Ne7 24. Be4 g6 25. h5 Kg7 26. hxg6 fxg6 27. Qd2 Kf7 28. Qd7 Qb8 29. Bxg6+ Kxg6 30. Qxe6+ Kh5 31. g4+ Kh4 32. Rd3 Nf5 33. Qxf5 1-0

[Event "Serbia Central Cup"]
[Site "Kragujevac"]
[Date "2018.04.30"]
[Round "3"]
[White "Livaja, Mario"]
[Black "Radovanovic, Nikola"]
[Result "1/2-1/2"]
[WhiteElo "2295"]
[BlackElo "2440"]
[PlyCount "22"]
[EventDate "2018.04.29"]
[EventType "swiss"]
[EventRounds "6"]
[EventCountry "SRB"]
[SourceTitle "CBM 184 Extra"]
[Source "ChessBase"]
[SourceDate "2018.06.28"]
[SourceVersion "1"]
[SourceVersionDate "2018.06.28"]
[SourceQuality "1"]

1. d4 d6 2. c4 e5 3. Nf3 e4 4. Nfd2 f5 5. Nc3 Nf6 6. e3 Be7 7. Be2 c6 8. f3 d5 9. 0-0 0-0 10. cxd5 cxd5 11. fxe4 fxe4 1/2-1/2